| 000 | 01222nam a2200337Ia 4500 | ||
|---|---|---|---|
| 001 | ebr10726532 | ||
| 003 | CaPaEBR | ||
| 006 | m o u | ||
| 007 | cr cn||||||||| | ||
| 008 | 110408s2012 nyu s 001 0 eng d | ||
| 010 | _z 2011008476 | ||
| 020 | _z1612099971 | ||
| 020 | _z9781612099972 | ||
| 020 | _z9781628085853 | ||
| 040 |
_aCaPaEBR _cCaPaEBR |
||
| 035 | _a(OCoLC)848902319 | ||
| 050 | 1 | 4 |
_aQ175 _b.P5128 2012eb |
| 082 | 0 | 4 |
_a501 _222 |
| 245 | 0 | 0 |
_aPhilosophy of science since Bacon _h[electronic resource] : _breadings in ideas and interpretations / _cAhmad Raza, editor. |
| 260 |
_aNew York : _bNova Science Publishers, _cc2012. |
||
| 300 | _avi, 175 p. | ||
| 490 | 0 | _aWorld philosophy series | |
| 500 | _aIncludes index. | ||
| 533 |
_aElectronic reproduction. _bPalo Alto, Calif. : _cebrary, _d2013. _nAvailable via World Wide Web. _nAccess may be limited to ebrary affiliated libraries. |
||
| 650 | 0 |
_aScience _xPhilosophy. |
|
| 650 | 0 | _aPhilosophy. | |
| 655 | 7 |
_aElectronic books. _2local |
|
| 700 | 1 |
_aRaza, Ahmad, _d1965- |
|
| 710 | 2 | _aebrary, Inc. | |
| 856 | 4 | 0 |
_uhttp://site.ebrary.com/lib/rucke/Doc?id=10726532 _zAn electronic book accessible through the World Wide Web; click to view |
| 999 |
_c38908 _d38908 |
||